Normal view
MARC view
- Weybrecht G
Entry Personal Name
001 - CONTROL NUMBER
- control field: 175226
003 - CONTROL NUMBER IDENTIFIER
- control field: OSt
005 - DATE AND TIME OF LATEST TRANSACTION
- control field: 20230313131107.0
008 - FIXED-LENGTH DATA ELEMENTS
- fixed length control field: 230313|| aca||aabn | a|a d
040 ## - CATALOGING SOURCE
- Original cataloging agency: OSt
- Transcribing agency: OSt
100 ## - HEADING--PERSONAL NAME
- Personal name: Weybrecht G
670 ## - SOURCE DATA FOUND
- Source citation: Work cat.: (OSt)134584: Weybrecht G., Sustainable MBA, 2010